| 000 | 01358cam a2200301 4500 | ||
|---|---|---|---|
| 008 | 040211n2004 000 0 eng u | ||
| 020 | _a1842191756 | ||
| 020 | _a1842191748 | ||
| 035 | _a(Sirsi) u125113 | ||
| 041 | _aeng | ||
| 050 |
_a306.1096894 _c18 |
||
| 100 | _aSchlyter, Ann | ||
| 245 | _aPrivatization of council housing in Lusaka, Zambia | ||
| 260 |
_aLondon _bRICS Foundation _c2004 |
||
| 300 |
_aiii, 16p. _c30cm. |
||
| 490 | _aRICS Foundation Our Common Estate Series | ||
| 520 | _aThis paper examines the direct effects of privatisation in two council housing areas in Lusaka, Zambia. Provides a short historic review of the colonial and post-colonial housing systems, analyses privatisation as a component in a policy to transform the housing system into a market housing system, and focuses on the relation between central policy formulation and local implementation. References. | ||
| 520 | _aISBN 1842191748 incorrectly printed on inside cover. | ||
| 650 | _aCOUNCIL HOUSING | ||
| 650 | _aZAMBIA | ||
| 650 | _aLUSAKA | ||
| 650 | _aPRIVATISATION | ||
| 650 | _aHOUSING POLICY | ||
| 690 | _aHOUSING | ||
| 710 |
_aRoyal Institution of Chartered Surveyors _bFoundation _94173 |
||
| 856 |
_uhttps://www.rics.org/site/scripts/download_info.aspx?downloadID=2100 _zView the paper on the RICS Foundation website... |
||
| 942 | _n0 | ||
| 999 |
_c103343 _d103343 |
||